000 00895nam a2200253Ia 4500
003 OSt
005 20221005113328.0
006 a|||||r|||| 00| 0
007 ta
008 221004b |||||||| |||| 00| 0 pan d
020 _a8130201968
_c300
024 _a117335
037 _b634, 19/03/2012, H.K. Prakashan
_cTextual
040 _aCRL
_cCRL
_bpan
041 _2pan
_apan
082 _aQ8441wJ63:g, 153P9
100 _aਗਿੱਲ, ਮਹਿੰਦਰ ਕੌਰ
245 0 _aਗੁਰੂ ਅਰਜਨ ਦੇਵ
_b ਜੀਵਨ ਤੇ ਬਾਣੀ
260 _aਪਟਿਆਲਾ
_bਪਬਲੀਕੇਨ ਬਿਊਰੋ ਭਾਰਤ
_c2009
300 _a429ਪੰ
_ccm.
650 _aਧOਰੁ Fਸੱਢ
942 _hQ8441wJ63:g, 153P9
_cTEXL
_2cc
999 _c1027821
_d1027821